Statistics for Longest Hit Streaks in Franchise History

Click here to take the quiz!

General Stats

  • This quiz has been taken 6 times
  • The average score is 7 of 30

Answer Stats

HintAnswer% Correct
Boston Red Sox (1949) (34)Dom DiMaggio
75%
Seattle Mariners (2009) (27)Ichiro Suzuki
75%
New York Yankees (1941) (56)Joe DiMaggio
75%
Milwaukee Brewers (1987) (39)Paul Molitor
75%
Detroit Tigers (1911) (40)Ty Cobb
75%
Kansas City Royals (2018-19) (31)Whit Merrifield
75%
Atlanta Braves (2011) (33)Dan Uggla
50%
Cincinnati Reds (1978) (44)Pete Rose
50%
Washington Nationals (2009) (30)Ryan Zimmerman
50%
Philadelphia Phillies (2005-06) (35)Jimmy Rollins
25%
Cleveland Indians (1906) (31)Nap Lajoie
25%
Colorado Rockies (2014) (28)Nolan Arenado
25%
St. Louis Cardinals (1922) (33)Rogers Hornsby
25%
San Diego Padres (1987) (34)Benito Santiago
0%
Chicago Cubs (1894) (42)Bill Dahlen
0%
Chicago White Sox (2004) (28)Carlos Lee
0%
Pittsburgh Pirates (1922-23) (30)Charlie Grimm
0%
Baltimore Orioles (1998) (30)Eric Davis
0%
Texas Rangers (2000) (28)Gabe Kapler
0%
Los Angeles Angels (1998) (28)Garret Anderson
0%
San Francisco Giants (1978) (26)Jack Clark
0%
Tampa Bay Rays (2009) (19)Jason Bartlett
0%
Oakland Athletics (1997) (25)Jason Giambi
0%
Minnesota Twins (1980) (31)Ken Landreaux
0%
Miami Marlins (2002) (35)Luis Castillo
0%
Arizona Diamondbacks (1999) (30)Luis Gonzalez
0%
New York Mets (2007) (30)Moises Alou
0%
Toronto Blue Jays (1999) (28)Shawn Green
0%
Los Angeles Dodgers (1969) (31)Willie Davis
0%
Houston Astros (2006) (30)Willy Taveras
0%

Score Distribution

Percentile by Number Answered

Percent of People with Each Score

Your Score History

You have not taken this quiz